Positive alpha generation :designing sound investment processes -(E-BOOK) (Record no. 192768)

000 -LEADER
fixed length control field 01035 a2200241 4500
003 - CONTROL NUMBER IDENTIFIER
control field Nust
005 - DATE AND TIME OF LATEST TRANSACTION
control field 20170207154044.0
010 ## - LIBRARY OF CONGRESS CONTROL NUMBER
LC control number 2008053934
020 ## - INTERNATIONAL STANDARD BOOK NUMBER
International Standard Book Number 9780470061114 (cloth : alk. paper)
040 ## - CATALOGING SOURCE
Transcribing agency Nust
082 00 - DEWEY DECIMAL CLASSIFICATION NUMBER
Classification number 332.6
100 1# - MAIN ENTRY--PERSONAL NAME
Personal name Diderich, Claude G.
245 10 - TITLE STATEMENT
Title Positive alpha generation :designing sound investment processes -(E-BOOK)
Statement of responsibility, etc. Dr. Claude G. Diderich.
260 ## - PUBLICATION, DISTRIBUTION, ETC.
Place of publication, distribution, etc. Chichester, England ;
-- Hoboken, NJ :
Name of publisher, distributor, etc. John Wiley & Sons,
Date of publication, distribution, etc. c2008.
300 ## - PHYSICAL DESCRIPTION
Extent p. cm.
490 0# - SERIES STATEMENT
Series statement Wiley finance series
505 ## - FORMATTED CONTENTS NOTE
Formatted contents note Part I The Value Chain of Active Investment Management (Page-9),Part II Forecasting Markets (Page-35),Part III Risk Measurement and Management (Page-91),Part IV Portfolio Construction (Page-147),Part V Portfolio Implementation (Page-195),Part VI Investment Products and Solutions (Page-231),Part VII Quality Management (Page-303).
650 #0 - SUBJECT ADDED ENTRY--TOPICAL TERM
Topical term or geographic name entry element Investment advisors.
650 #0 - SUBJECT ADDED ENTRY--TOPICAL TERM
Topical term or geographic name entry element Investment analysis.
650 #0 - SUBJECT ADDED ENTRY--TOPICAL TERM
Topical term or geographic name entry element Investments
General subdivision Management.
650 #0 - SUBJECT ADDED ENTRY--TOPICAL TERM
Topical term or geographic name entry element Portfolio management.
651 ## - SUBJECT ADDED ENTRY--GEOGRAPHIC NAME
Geographic name E-BOOK
942 ## - ADDED ENTRY ELEMENTS (KOHA)
Source of classification or shelving scheme
Koha item type Book
Holdings
Withdrawn status Lost status Source of classification or shelving scheme Damaged status Not for loan Collection code Permanent Location Current Location Date acquired Total Checkouts Full call number Barcode Date last seen Price effective from Koha item type
            Military College of Signals (MCS) Military College of Signals (MCS) 12/12/2016   332.6 DID MCSEB-2290 12/08/2016 12/12/2016 Book
© 2023 Central Library, National University of Sciences and Technology. All Rights Reserved.